000 00705cam a2200241 a 4500
001 000005312
005 20200929151636.0
008 920316s2001 sp 000 0 spa
020 _a8495501554
040 _aDO-SdBNP
_bspa
_cBNPHU
082 _a863.64
_bP438m, 2001
100 1 _aPérez-Reverte, Arturo,
_d1951-
_912816
245 1 3 _aEl maestro de esgrima /
_cArturo Pérez-Reverte.
250 _a2a ed,
260 _a[Madrid] :
_bSuma de Letras,
_c2001.
300 _a399 p. ;
_c23 cm.
490 1 _aPunto de lectura
_v1/4
650 4 _aNovela española
_91123
650 4 _aLiteratura española
_9632
830 0 _aPunto de lectura ;
_v1/4
_93047
910 _aCatalogación derivada
910 _aWM
999 _c5113
_d5113